Špecifiká modelovania a experimentálneho overovania systému vzduchom chladeného PEM FC
Na minha lista:
| Autor principal: | |
|---|---|
| Outros Autores: | |
| Formato: | Manuscrito Livro |
| Idioma: | eslovaco |
| Publicado em: |
Bratislava :
STU v Bratislave FEI,
2024
|
| Assuntos: | |
| Acesso em linha: | https://opac.crzp.sk/?fn=detailBiblioFormChildMJ5L5&sid=9A7D98113A4E7D6F06AE7EA0EB46&seo=CRZP-detail-kniha |
| Tags: |
Sem tags, seja o primeiro a adicionar uma tag!
|
MARC
| LEADER | 00000ntm a22000003a 4500 | ||
|---|---|---|---|
| 001 | stuzp97959 | ||
| 003 | SK-STU | ||
| 005 | 20250429101033.6 | ||
| 007 | ta | ||
| 008 | 150427s2015----xo-----f-mn---000-0-slo-d | ||
| 040 | |a STU |b slo | ||
| 041 | 0 | |a slo | |
| 044 | |a xo | ||
| 100 | 1 | |a Putala, Rastislav |u 030400 |4 aut |U FEI Fakulta elektrotechniky a informatiky |T FEI Ústav automobilovej mechatroniky |X 98107 |U E400 |Y 642 |7 98107 | |
| 242 | 0 | 1 | |a Specifics of modelling and experimental verification of an air-cooled PEM FC system |y eng |
| 245 | 1 | 0 | |a Špecifiká modelovania a experimentálneho overovania systému vzduchom chladeného PEM FC |
| 260 | |a Bratislava : |b STU v Bratislave FEI, |c 2024 | ||
| 300 | |a 70 s. | ||
| 650 | 4 | |a Matlab |2 slo | |
| 650 | 4 | |a chladenie vzduchom |2 slo | |
| 650 | 4 | |a experimentálne meranie |2 slo | |
| 650 | 4 | |a palivový článok |2 slo | |
| 650 | 4 | |a simulačný model |2 slo | |
| 650 | 4 | |a simulation model |2 eng | |
| 650 | 4 | |a air-cooled |2 eng | |
| 650 | 4 | |a experimental measurement |2 eng | |
| 650 | 4 | |a Matlab |2 eng | |
| 650 | 4 | |a fuel cell |2 eng | |
| 700 | 1 | |a Hulík, Eduard |u 039101 |k Z8 |4 ths |U FEI Sekretariát dekana |T FEI Kancelária dekana |X 119640 |U 039101 |Y 700 |7 119640 | |
| 856 | 4 | |u https://opac.crzp.sk/?fn=detailBiblioFormChildMJ5L5&sid=9A7D98113A4E7D6F06AE7EA0EB46&seo=CRZP-detail-kniha | |